000 00660nam a2200229Ia 4500
003 GCL
008 140319s9999 xx 000 0 ara d
040 _aGCL /
_cGCL
082 0 4 _a128.3
_bب ب
100 1 _aاحسان احمد القوصى
245 1 0 _aبناة المستقبل /
_cاحسان احمد القوصى
700 1 _aبلفن، بروس
260 _aالقاهرة :
_bمكتبة النهضة المصرية
300 _a215 ص ؛
_c23 سم
490 _a
650 0 4 _aالفلسفة
650 0 4 _aالمعرفة
650 0 4 _aالكون
650 0 4 _aفلسفة الطبيعة
650 0 4 _aالكونيات
942 _2ddc
_cBK
999 _c33180
_d33180